[Event "Pfalz-ch HT4 87th"]
[Site "Landau"]
[Date "2018.03.30"]
[Round "6"]
[White "Schreck, Michael"]
[Black "Kuhn, Daniel"]
[Result "1/2-1/2"]
[WhiteElo "1871"]
[BlackElo "1772"]
[PlyCount "125"]
[EventDate "2018.03.23"]
[EventType "swiss"]
[EventRounds "7"]
[EventCountry "GER"]
[SourceTitle "EXT 2019"]
[Source "ChessBase"]
[SourceDate "2018.10.10"]
[SourceVersion "1"]
[SourceVersionDate "2018.10.10"]
[SourceQuality "1"]

1. c4 e5 2. Nc3 Nf6 3. Nf3 Nc6 4. e3 Bb4 5. Qc2 Bxc3 6. Qxc3 e4 7. Nd4 0-0 8. Be2 d5 9. b3 Nxd4 10. Qxd4 b6 11. c5 Qe7 12. Ba3 Be6 13. h3 a6 14. Rc1 b5 15. Bb2 Ne8 16. Qe5 f6 17. Qg3 f5 18. 0-0 Qf7 19. Be5 c6 20. d4 Nf6 21. a4 Kh8 22. axb5 axb5 23. Ra1 Nd7 24. Bd6 Rg8 25. f3 Nf6 26. f4 Ra7 27. Rfc1 Rga8 28. Qe1 Qb7 29. Be5 Nd7 30. Bd6 Ra2 31. Rxa2 Rxa2 32. Ra1 Qa8 33. Rxa2 Qxa2 34. Bd1 Nf6 35. Kh2 Qb1 36. Be5 Nd7 37. Bc7 Nf6 38. Bd8 Ng8 39. Qe2 g6 40. Bc7 h6 41. Be5+ Kh7 42. Qd2 Qa1 43. g4 Ne7 44. Bf6 Nc8 45. gxf5 Bxf5 46. Bg4 Qf1 47. Bxf5 gxf5 48. Qg2 Qxg2+ 49. Kxg2 Kg6 50. Bd8 Kf7 51. Kg3 Ne7 52. Kh4 Ng6+ 53. Kg3 Ke8 54. Bf6 Kf7 55. Be5 Nf8 56. h4 h5 57. Bc7 Ne6 58. Bb6 Nf8 59. Bd8 Ne6 60. Bg5 Nc7 61. Kf2 Ke8 62. Ke2 Na6 63. Kd2 1/2-1/2

[Event "Rhein Main op-A 20th"]
[Site "Bad Homburg"]
[Date "2017.06.16"]
[Round "4"]
[White "Bajorski, Marius"]
[Black "Schreck, Michael"]
[Result "1-0"]
[WhiteElo "1919"]
[BlackElo "1856"]
[PlyCount "81"]
[EventDate "2017.06.14"]
[EventType "swiss"]
[EventRounds "7"]
[EventCountry "GER"]
[SourceTitle "EXT 2018"]
[Source "ChessBase"]
[SourceDate "2017.10.13"]
[SourceVersion "1"]
[SourceVersionDate "2017.10.13"]
[SourceQuality "1"]

1. e4 c5 2. Na3 Nc6 3. Bb5 d6 4. d3 Bd7 5. Nc4 g6 6. c3 Bg7 7. Nf3 Nf6 8. 0-0 0-0 9. Re1 a6 10. Bxc6 Bxc6 11. Bg5 h6 12. Bd2 d5 13. Nce5 Rc8 14. Qc1 Kh7 15. Qc2 Qc7 16. Nxc6 Qxc6 17. exd5 Nxd5 18. c4 Nc7 19. Bc3 Ne6 20. Bxg7 Kxg7 21. Qc3+ Kh7 22. Rad1 Rfd8 23. b3 Rd6 24. Rd2 Rcd8 25. Red1 Nf4 26. Ne1 Rxd3 27. Qc2 Rxd2 28. Rxd2 Rxd2 29. Qxd2 Qe4 30. Kf1 e5 31. Qc2 Qd4 32. g3 Ne6 33. Nf3 Qa1+ 34. Kg2 Nd4 35. Qe4 Nc6 36. Qd5 Kg7 37. Qxc5 e4 38. Nd2 Qd1 39. Nxe4 f5 40. Qd6 Nd4 41. Qe7+ 1-0

[Event "Karl Mala Memorial op 13th"]
[Site "Frankfurt"]
[Date "2010.07.17"]
[Round "3"]
[White "Schreck, Michael"]
[Black "Launert, Martin"]
[Result "0-1"]
[WhiteElo "1659"]
[BlackElo "1915"]
[PlyCount "78"]
[EventDate "2010.07.08"]
[EventType "swiss"]
[EventRounds "7"]
[EventCountry "GER"]
[SourceTitle "EXT 2012"]
[Source "ChessBase"]
[SourceDate "2011.11.24"]
[SourceVersion "1"]
[SourceVersionDate "2011.11.24"]
[SourceQuality "1"]

1. d4 Nf6 2. Nf3 g6 3. Nc3 Bg7 4. e4 d6 5. Be3 Nbd7 6. Qd2 0-0 7. 0-0-0 c6 8. Bd3 b5 9. e5 dxe5 10. dxe5 Ng4 11. Be4 Nxe3 12. Qxe3 b4 13. Bxc6 bxc3 14. Bxa8 Qa5 15. Kb1 Nb6 16. Bc6 cxb2 17. Qd2 Qc5 18. Bd5 Na4 19. Qd4 Nc3+ 20. Kxb2 Nxd1+ 21. Rxd1 Qb5+ 22. Bb3 Bb7 23. Re1 e6 24. a4 Qa5 25. Qc3 Qb6 26. Qe3 Qb4 27. Re2 Rc8 28. c3 Qe7 29. Ne1 Ba6 30. Rd2 Rb8 31. Nc2 Bc4 32. Nd4 Bf8 33. Kc2 Bxb3+ 34. Nxb3 Qa3 35. Nd4 Qxa4+ 36. Kd3 Qa6+ 37. Kc2 Qa4+ 38. Kd3 Qa6+ 39. Kc2 Ba3 0-1

[Event "Karl Mala Memorial op 13th"]
[Site "Frankfurt"]
[Date "2010.07.09"]
[Round "2"]
[White "Rondonuwu, Grover"]
[Black "Schreck, Michael"]
[Result "1/2-1/2"]
[WhiteElo "2038"]
[BlackElo "1659"]
[PlyCount "110"]
[EventDate "2010.07.08"]
[EventType "swiss"]
[EventRounds "7"]
[EventCountry "GER"]
[SourceTitle "EXT 2012"]
[Source "ChessBase"]
[SourceDate "2011.11.24"]
[SourceVersion "1"]
[SourceVersionDate "2011.11.24"]
[SourceQuality "1"]

1. d4 d6 2. c4 e5 3. dxe5 dxe5 4. Qxd8+ Kxd8 5. e4 c6 6. Be3 Be6 7. Nc3 Nd7 8. 0-0-0 Kc7 9. Nf3 f6 10. Be2 Be7 11. Rd2 g5 12. Rhd1 Nh6 13. h3 Nf7 14. Ne1 Rhd8 15. Nc2 Nb6 16. b3 Rxd2 17. Rxd2 Rd8 18. c5 Nc8 19. Na3 b6 20. b4 Rxd2 21. Kxd2 b5 22. Nc2 Nd8 23. a4 a6 24. axb5 axb5 25. Bf1 Bf7 26. g3 Ne6 27. Ne2 h5 28. f4 Kd7 29. f5 Ng7 30. Nc3 Na7 31. Be2 Kc7 32. Ne1 Be8 33. Nf3 Bf7 34. h4 g4 35. Nh2 Nc8 36. Bh6 Bf8 37. Bxg4 hxg4 38. Nxg4 Ne7 39. Nxf6 Ng8 40. Nxg8 Bxg8 41. g4 Ne6 42. Bxf8 Nxf8 43. g5 Bf7 44. Ne2 Kd7 45. Ng3 Ke7 46. h5 Bg8 47. h6 Nh7 48. g6 Nf6 49. Ke1 Kf8 50. Kf1 Bc4+ 51. Kg2 Bd3 52. Kf3 Bc2 53. Ke3 Kg8 54. Kf3 Kf8 55. Ke3 Kg8 1/2-1/2

[Event "Rhein Main op 13th"]
[Site "Bad Homburg"]
[Date "2010.06.05"]
[Round "6"]
[White "Hahn, Markus"]
[Black "Schreck, Michael"]
[Result "1-0"]
[WhiteElo "2071"]
[BlackElo "1853"]
[PlyCount "45"]
[EventDate "2010.06.02"]
[EventType "swiss"]
[EventRounds "7"]
[EventCountry "GER"]
[SourceTitle "EXT 2011"]
[Source "ChessBase"]
[SourceDate "2010.11.26"]
[SourceVersion "1"]
[SourceVersionDate "2010.11.26"]
[SourceQuality "1"]

1. d4 d5 2. Nf3 Nf6 3. c4 c6 4. Nc3 Bf5 5. cxd5 cxd5 6. Qb3 Qb6 7. Qxb6 axb6 8. Bf4 e6 9. a3 Be7 10. e3 0-0 11. Be2 Ne4 12. Nxe4 Bxe4 13. Kd2 Nc6 14. Rhc1 Rfc8 15. Kd1 Na5 16. Rxc8+ Rxc8 17. Rc1 Rxc1+ 18. Kxc1 Nb3+ 19. Kd1 Bxf3 20. Bxf3 b5 21. Bc7 b4 22. a4 Na1 23. b3 1-0

[Event "Rhein Main op 13th"]
[Site "Bad Homburg"]
[Date "2010.06.05"]
[Round "5"]
[White "Schreck, Michael"]
[Black "Feicht, Arno"]
[Result "1-0"]
[WhiteElo "1853"]
[BlackElo "2035"]
[PlyCount "123"]
[EventDate "2010.06.02"]
[EventType "swiss"]
[EventRounds "7"]
[EventCountry "GER"]
[SourceTitle "EXT 2011"]
[Source "ChessBase"]
[SourceDate "2010.11.26"]
[SourceVersion "1"]
[SourceVersionDate "2010.11.26"]
[SourceQuality "1"]

1. d4 e6 2. Nf3 f5 3. d5 Be7 4. Nc3 Nf6 5. dxe6 dxe6 6. Bf4 0-0 7. e3 Ne4 8. Qxd8 Bxd8 9. Nxe4 fxe4 10. Nd2 Bf6 11. Nxe4 Bxb2 12. Rb1 e5 13. Bc4+ Kh8 14. Bg3 Ba3 15. Ng5 Nc6 16. Nf7+ Rxf7 17. Bxf7 Bb4+ 18. Ke2 Ba5 19. Rb5 b6 20. Bd5 Bd7 21. Rxa5 bxa5 22. Bxe5 Re8 23. Bxc6 Bxc6 24. Bxc7 Bxg2 25. Rd1 Be4 26. c3 a4 27. Rd8 Rxd8 28. Bxd8 a3 29. Be7 Bb1 30. Bxa3 Bxa2 31. Kd3 Kg8 32. Bb4 Kf7 33. Kd4 Ke6 34. c4 g5 35. e4 g4 36. c5 Bb1 37. Ba5 Kd7 38. Bb4 Kc6 39. Ke3 Bc2 40. Kf4 Bd1 41. Kf5 Kb5 42. Ba3 a5 43. e5 Bf3 44. e6 Ka4 45. e7 Bc6 46. Bb2 Kb3 47. Ba1 Kc4 48. Kxg4 Kxc5 49. Kf5 Kd6 50. Kf6 Be8 51. f4 a4 52. Bb2 h5 53. Ba3+ Kd5 54. f5 h4 55. Kg7 Ke5 56. f6 Ke6 57. Kf8 Bh5 58. Bb2 a3 59. Ba1 h3 60. e8Q+ Bxe8 61. Kxe8 Kf5 62. f7 1-0

[Event "Rhein Main op 13th"]
[Site "Bad Homburg"]
[Date "2010.06.04"]
[Round "4"]
[White "Barisch, Florian"]
[Black "Schreck, Michael"]
[Result "0-1"]
[WhiteElo "1915"]
[BlackElo "1853"]
[PlyCount "54"]
[EventDate "2010.06.02"]
[EventType "swiss"]
[EventRounds "7"]
[EventCountry "GER"]
[SourceTitle "EXT 2011"]
[Source "ChessBase"]
[SourceDate "2010.11.26"]
[SourceVersion "1"]
[SourceVersionDate "2010.11.26"]
[SourceQuality "1"]

1. d4 d5 2. c3 Nf6 3. Bf4 c6 4. e3 Bf5 5. Bd3 Bg6 6. Bxg6 hxg6 7. Nd2 e6 8. Qb3 b6 9. h3 Bd6 10. Be5 Bxe5 11. dxe5 Nfd7 12. c4 Nxe5 13. Ngf3 dxc4 14. Nxc4 Nxf3+ 15. gxf3 0-0 16. Qa3 c5 17. Rd1 Qc7 18. Ke2 Nc6 19. Qc3 Rfd8 20. Rdg1 Rd5 21. Rd1 Rad8 22. Rxd5 exd5 23. Nd2 d4 24. Qc4 Qe5 25. Qb5 dxe3 26. Qxc6 Rxd2+ 27. Ke1 Qxb2 0-1

[Event "Rhein Main op 13th"]
[Site "Bad Homburg"]
[Date "2010.06.03"]
[Round "2"]
[White "Storch, Dominik"]
[Black "Schreck, Michael"]
[Result "1-0"]
[WhiteElo "1888"]
[BlackElo "1853"]
[PlyCount "57"]
[EventDate "2010.06.02"]
[EventType "swiss"]
[EventRounds "7"]
[EventCountry "GER"]
[SourceTitle "EXT 2011"]
[Source "ChessBase"]
[SourceDate "2010.11.26"]
[SourceVersion "1"]
[SourceVersionDate "2010.11.26"]
[SourceQuality "1"]

1. f4 d5 2. Nf3 Nf6 3. e3 Bg4 4. Be2 Bxf3 5. Bxf3 e6 6. b3 Nbd7 7. Bb2 Bd6 8. 0-0 0-0 9. d3 c6 10. Nd2 Qb6 11. Qe1 Bxf4 12. Bd4 c5 13. Bxf6 Bxh2+ 14. Kxh2 gxf6 15. e4 Kh8 16. Qh4 Rg8 17. Rh1 Rg7 18. exd5 exd5 19. Rae1 Rag8 20. Re2 Ne5 21. Rhe1 Qd6 22. Kh1 Rg3 23. Rf1 Ng6 24. Qh2 Nf4 25. Ref2 R8g5 26. Re1 Qd7 27. Qh6 Rg6 28. Qxf4 Rh3+ 29. gxh3 1-0

[Event "Unterfranken-ch HT 61th"]
[Site "Kitzingen"]
[Date "2010.04.08"]
[Round "5"]
[White "Pfennig, Joachim"]
[Black "Schreck, Michael"]
[Result "1/2-1/2"]
[WhiteElo "1425"]
[BlackElo "1637"]
[PlyCount "37"]
[EventDate "2010.04.05"]
[EventType "swiss"]
[EventRounds "9"]
[EventCountry "GER"]
[SourceTitle "EXT 2015"]
[Source "ChessBase"]
[SourceDate "2014.11.20"]
[SourceVersion "1"]
[SourceVersionDate "2014.11.20"]
[SourceQuality "1"]

1. d4 f5 2. c4 Nf6 3. Bg5 h6 4. Bxf6 exf6 5. e3 g6 6. Bd3 Nc6 7. Nf3 Bb4+ 8. Nc3 0-0 9. 0-0 Bxc3 10. bxc3 d6 11. Nh4 Ne7 12. Qf3 Kg7 13. Qg3 Qe8 14. Rae1 Qf7 15. f4 c6 16. Rb1 Rb8 17. Nf3 Be6 18. Nd2 d5 19. c5 1/2-1/2

[Event "Unterfranken-ch HT 61th"]
[Site "Kitzingen"]
[Date "2010.04.08"]
[Round "6"]
[White "Schreck, Michael"]
[Black "Falkenstein, Johannes"]
[Result "1-0"]
[WhiteElo "1637"]
[BlackElo "1532"]
[PlyCount "71"]
[EventDate "2010.04.05"]
[EventType "swiss"]
[EventRounds "9"]
[EventCountry "GER"]
[SourceTitle "EXT 2015"]
[Source "ChessBase"]
[SourceDate "2014.11.20"]
[SourceVersion "1"]
[SourceVersionDate "2014.11.20"]
[SourceQuality "1"]

1. d4 Nf6 2. Nf3 e6 3. e3 b6 4. Bd3 Bb7 5. Nbd2 d5 6. 0-0 Be7 7. b3 0-0 8. Bb2 c5 9. Ne5 Nbd7 10. f4 Ne4 11. Rf3 f5 12. Rf1 Rc8 13. c4 Ndf6 14. Rc1 Kh8 15. Ndf3 Qe8 16. Be2 Kg8 17. Ng5 Nxg5 18. fxg5 Ne4 19. h4 Ng3 20. Rf2 Nxe2+ 21. Qxe2 Bd6 22. dxc5 Bxc5 23. Rcf1 dxc4 24. bxc4 Be4 25. g4 Qe7 26. g6 h6 27. g5 f4 28. Rxf4 Rxf4 29. Rxf4 Bf5 30. gxh6 gxh6 31. Nf7 Bxg6 32. Rf6 Bxf7 33. Rxh6 e5 34. Qg4+ Kf8 35. Rh8+ Bg8 36. Qxg8# 1-0

[Event "Unterfranken-ch HT 61th"]
[Site "Kitzingen"]
[Date "2010.04.05"]
[Round "1"]
[White "Wohlgemuth, Danny"]
[Black "Schreck, Michael"]
[Result "0-1"]
[WhiteElo "1262"]
[BlackElo "1637"]
[PlyCount "48"]
[EventDate "2010.04.05"]
[EventType "swiss"]
[EventRounds "9"]
[EventCountry "GER"]
[SourceTitle "EXT 2015"]
[Source "ChessBase"]
[SourceDate "2014.11.20"]
[SourceVersion "1"]
[SourceVersionDate "2014.11.20"]
[SourceQuality "1"]

1. d4 f5 2. g3 Nf6 3. Bg2 g6 4. e3 Bg7 5. Ne2 0-0 6. 0-0 d6 7. c4 c6 8. Nbc3 Na6 9. f4 Be6 10. b3 Bf7 11. Bb2 Qb6 12. Na4 Qc7 13. Rc1 e6 14. Re1 Rad8 15. Qc2 Rfe8 16. c5 Nd5 17. Kf2 dxc5 18. dxc5 Ndb4 19. Qb1 Nd3+ 20. Kf1 Bxb2 21. Nxb2 Nxe1 22. Kxe1 e5 23. Kf2 exf4 24. exf4 Qe7 0-1

[Event "Unterfranken-ch HA 60th"]
[Site "Obernau"]
[Date "2009.04.13"]
[Round "1"]
[White "Schreck, Michael"]
[Black "Simon, Jonathan"]
[Result "0-1"]
[WhiteElo "1631"]
[BlackElo "1631"]
[PlyCount "56"]
[EventDate "2009.04.13"]
[EventType "swiss"]
[EventRounds "9"]
[EventCountry "GER"]
[SourceTitle "EXT 2015"]
[Source "ChessBase"]
[SourceDate "2014.11.20"]
[SourceVersion "1"]
[SourceVersionDate "2014.11.20"]
[SourceQuality "1"]

1. c4 c5 2. g3 g6 3. Bg2 Bg7 4. Nf3 Nf6 5. a3 Nc6 6. Nc3 0-0 7. 0-0 d5 8. cxd5 Nxd5 9. Qc2 Nc7 10. d3 Bg4 11. Be3 Nd4 12. Bxd4 cxd4 13. Ne4 Rc8 14. Rac1 Nd5 15. Qa4 Qb6 16. b4 Nc3 17. Nxc3 dxc3 18. h3 Bxf3 19. Bxf3 Rc7 20. Qb3 a5 21. b5 e6 22. e3 Rfc8 23. d4 Bf8 24. Be2 Qd6 25. Ra1 c2 26. Rfc1 Rc3 27. Qb2 Qxa3 28. Rxc2 Rxc2 0-1

[Event "Goch op 19th"]
[Site "Goch"]
[Date "2008.10.10"]
[Round "2"]
[White "Nent, Alexander"]
[Black "Schreck, Michael"]
[Result "1-0"]
[WhiteElo "1936"]
[BlackElo "1627"]
[PlyCount "51"]
[EventDate "2008.10.09"]
[EventType "swiss"]
[EventRounds "7"]
[EventCountry "GER"]
[SourceTitle "EXT 2011"]
[Source "ChessBase"]
[SourceDate "2010.11.26"]
[SourceVersion "1"]
[SourceVersionDate "2010.11.26"]
[SourceQuality "1"]

1. Nf3 d6 2. c4 Nf6 3. g3 g6 4. Bg2 Bg7 5. 0-0 0-0 6. Nc3 c5 7. d4 cxd4 8. Nxd4 Qd7 9. e4 Nc6 10. Nc2 b6 11. Ne3 Bb7 12. h3 Rac8 13. Rb1 Rfd8 14. b3 Ne8 15. Bb2 Nc7 16. Qd2 e6 17. Rfd1 Ne8 18. Rbc1 h6 19. Kh2 Kh7 20. f4 Qc7 21. Nb5 Qb8 22. Bxg7 Kxg7 23. Qb2+ f6 24. f5 gxf5 25. exf5 Ne5 26. Nd4 1-0

[Event "Unterfranken-ch HB 56th"]
[Site "Stetten"]
[Date "2005.03.31"]
[Round "6"]
[White "Lauer, Helmut"]
[Black "Schreck, Michael"]
[Result "1/2-1/2"]
[WhiteElo "1604"]
[BlackElo "1639"]
[PlyCount "116"]
[EventDate "2005.03.28"]
[EventType "swiss"]
[EventRounds "9"]
[EventCountry "GER"]
[SourceTitle "EXT 2015"]
[Source "ChessBase"]
[SourceDate "2014.11.20"]
[SourceVersion "1"]
[SourceVersionDate "2014.11.20"]
[SourceQuality "1"]

1. e4 d6 2. d4 Nf6 3. Nc3 c6 4. Bd3 e5 5. d5 Be7 6. f4 Ng4 7. f5 Nf6 8. Nf3 cxd5 9. Nxd5 Nxd5 10. Bb5+ Bd7 11. Bxd7+ Nxd7 12. Qxd5 Qc7 13. c3 0-0 14. 0-0 Nf6 15. Qd3 Rfd8 16. Bg5 d5 17. Bxf6 dxe4 18. Qxe4 Bxf6 19. g4 Re8 20. g5 Be7 21. Kh1 f6 22. Rg1 Kh8 23. Qh4 Qc6 24. Rg3 e4 25. Rh3 h6 26. Nd4 fxg5 27. Qh5 Qf6 28. Re1 Bc5 29. Qg4 Re5 30. Rxe4 Bxd4 31. cxd4 Rxf5 32. Rg3 Rf1+ 33. Rg1 Rxg1+ 34. Kxg1 Rf8 35. Qg2 Qb6 36. b3 Qc6 37. Re1 Qc3 38. Qe4 Qc8 39. Qe6 Qxe6 40. Rxe6 Rd8 41. Re4 Rd7 42. Kf2 Kg8 43. Ke3 Kf7 44. Re5 Re7 45. Ke4 Rxe5+ 46. Kxe5 Ke7 47. Kf5 Kf7 48. d5 g6+ 49. Ke5 Ke7 50. d6+ Kd7 51. Kf6 Kxd6 52. Kxg6 Ke5 53. Kxh6 Kf5 54. Kh5 a5 55. a3 b6 56. b4 axb4 57. axb4 b5 58. Kh6 Kf4 1/2-1/2

[Event "Unterfranken-ch HB 56th"]
[Site "Stetten"]
[Date "2005.03.29"]
[Round "4"]
[White "Meister, Willi"]
[Black "Schreck, Michael"]
[Result "1/2-1/2"]
[WhiteElo "1717"]
[BlackElo "1639"]
[PlyCount "38"]
[EventDate "2005.03.28"]
[EventType "swiss"]
[EventRounds "9"]
[EventCountry "GER"]
[SourceTitle "EXT 2015"]
[Source "ChessBase"]
[SourceDate "2014.11.20"]
[SourceVersion "1"]
[SourceVersionDate "2014.11.20"]
[SourceQuality "1"]

1. d4 e6 2. c4 d5 3. Nc3 Nf6 4. e3 Be7 5. Nf3 0-0 6. Bd3 dxc4 7. Bxc4 b6 8. 0-0 Bb7 9. Be2 Nbd7 10. b3 c5 11. Bb2 Rc8 12. Rc1 cxd4 13. Nxd4 Nc5 14. b4 Nce4 15. Nxe4 Bxe4 16. a3 Rxc1 17. Qxc1 Qc8 18. Qxc8 Rxc8 19. Rc1 Rxc1+ 1/2-1/2

[Event "Unterfranken-ch HB 56th"]
[Site "Stetten"]
[Date "2005.03.28"]
[Round "1"]
[White "Hofmann, Axel"]
[Black "Schreck, Michael"]
[Result "0-1"]
[WhiteElo "1155"]
[BlackElo "1639"]
[PlyCount "52"]
[EventDate "2005.03.28"]
[EventType "swiss"]
[EventRounds "9"]
[EventCountry "GER"]
[SourceTitle "EXT 2015"]
[Source "ChessBase"]
[SourceDate "2014.11.20"]
[SourceVersion "1"]
[SourceVersionDate "2014.11.20"]
[SourceQuality "1"]

1. Nf3 Nf6 2. g3 g6 3. Bg2 Bg7 4. d3 d5 5. Nbd2 Nc6 6. c3 0-0 7. 0-0 Bd7 8. Qc2 e5 9. e4 Re8 10. a3 Qc8 11. b4 Bh3 12. Re1 Bxg2 13. Kxg2 Qd7 14. Nf1 Rad8 15. Bg5 h6 16. Bxf6 Bxf6 17. exd5 Qxd5 18. Re3 g5 19. g4 Rd7 20. c4 Qe6 21. h3 Nd4 22. Qd1 Qc6 23. b5 Qd6 24. a4 Nxf3 25. Qxf3 e4 26. Rxe4 Rxe4 0-1

[Event "Rhein Main op 07th"]
[Site "Bad Homburg"]
[Date "2004.06.10"]
[Round "3.43"]
[White "Schreck, Michael"]
[Black "Stojadinovic, Tomislav"]
[Result "0-1"]
[WhiteElo "1627"]
[BlackElo "1773"]
[PlyCount "62"]
[EventDate "2004.06.09"]
[EventType "swiss"]
[EventRounds "7"]
[EventCountry "GER"]
[SourceTitle "CBM 100 Extra"]
[Source "ChessBase"]
[SourceDate "2004.07.06"]
[SourceVersion "2"]
[SourceVersionDate "2004.07.06"]
[SourceQuality "1"]

1. c4 e5 2. g3 Nf6 3. Bg2 d5 4. cxd5 Nxd5 5. Nf3 Nc6 6. 0-0 Be7 7. d4 e4 8. Ne5 Nf6 9. Nxc6 bxc6 10. Qc2 0-0 11. Rd1 Rb8 12. Nc3 Re8 13. Nxe4 Nd5 14. e3 Nb4 15. Qc3 Rb6 16. b3 Nd5 17. Qe1 Bf5 18. Bd2 Nb4 19. Bxb4 Bxb4 20. Nd2 Qf6 21. Qf1 Bg4 22. Nc4 Bxd1 23. Nxb6 Bg4 24. Nc4 c5 25. a3 Bc3 26. Rc1 cxd4 27. exd4 Be2 28. Re1 Bxe1 29. Qxe1 Qxd4 30. Bc6 Re6 31. Qb4 Qa1+ 0-1

[Event "Rhein Main op 07th"]
[Site "Bad Homburg"]
[Date "2004.06.09"]
[Round "1.26"]
[White "Schreck, Michael"]
[Black "Cleve, Carsten"]
[Result "1/2-1/2"]
[WhiteElo "1627"]
[BlackElo "1891"]
[PlyCount "57"]
[EventDate "2004.06.09"]
[EventType "swiss"]
[EventRounds "7"]
[EventCountry "GER"]
[SourceTitle "CBM 100 Extra"]
[Source "ChessBase"]
[SourceDate "2004.07.06"]
[SourceVersion "2"]
[SourceVersionDate "2004.07.06"]
[SourceQuality "1"]

1. c4 e6 2. g3 Nf6 3. Bg2 Be7 4. Nc3 0-0 5. Nf3 d5 6. cxd5 exd5 7. 0-0 c6 8. d3 Bg4 9. Ne5 Bh5 10. Bf4 Nbd7 11. Nf3 Re8 12. Qb3 Nc5 13. Qc2 Ne6 14. Bd2 Qc7 15. Rac1 Bd6 16. Rfe1 Rad8 17. Qb1 Qb8 18. b4 b6 19. Bg5 Nxg5 20. Nxg5 h6 21. Nf3 Bg6 22. Qb3 Bf8 23. d4 Qd6 24. a3 Ne4 25. Ne5 c5 26. Nxe4 Bxe4 27. Bxe4 cxd4 28. f4 dxe4 29. Qxf7+ 1/2-1/2

[Event "Unterfranken-ch HT 55th"]
[Site "Bad Koenigshofen"]
[Date "2004.04.17"]
[Round "9"]
[White "Brux, Juergen"]
[Black "Schreck, Michael"]
[Result "1/2-1/2"]
[WhiteElo "1515"]
[BlackElo "1596"]
[PlyCount "59"]
[EventDate "2004.04.12"]
[EventType "swiss"]
[EventRounds "9"]
[EventCountry "GER"]
[SourceTitle "EXT 2015"]
[Source "ChessBase"]
[SourceDate "2014.11.20"]
[SourceVersion "1"]
[SourceVersionDate "2014.11.20"]
[SourceQuality "1"]

1. d4 Nf6 2. c4 e6 3. g3 d5 4. Nf3 Be7 5. Bg2 0-0 6. 0-0 Nbd7 7. b3 c5 8. e3 cxd4 9. exd4 Re8 10. Bb2 b6 11. Re1 Ba6 12. Nbd2 Rc8 13. Rc1 Bb4 14. a3 Bd6 15. cxd5 Nxd5 16. Nc4 Bf8 17. Nce5 Nb8 18. b4 Re7 19. Qb3 Rec7 20. Rxc7 Rxc7 21. b5 Bb7 22. Bf1 Qc8 23. Nc4 Nd7 24. Nfd2 Ne7 25. Nd6 Qa8 26. Nxb7 Qxb7 27. Ne4 Nd5 28. a4 Qc8 29. Ba3 N7f6 30. Nxf6+ 1/2-1/2

[Event "Unterfranken-ch HT 54th"]
[Site "Moembris"]
[Date "2003.04.22"]
[Round "3"]
[White "Ziegler, Johannes"]
[Black "Schreck, Michael"]
[Result "1/2-1/2"]
[WhiteElo "1651"]
[BlackElo "1625"]
[PlyCount "58"]
[EventDate "2003.04.21"]
[EventType "swiss"]
[EventRounds "9"]
[EventCountry "GER"]
[SourceTitle "EXT 2015"]
[Source "ChessBase"]
[SourceDate "2014.11.20"]
[SourceVersion "1"]
[SourceVersionDate "2014.11.20"]
[SourceQuality "1"]

1. d4 d5 2. Nf3 e6 3. e3 Nf6 4. Bd3 c5 5. c3 Nc6 6. Nbd2 Bd6 7. 0-0 0-0 8. dxc5 Bxc5 9. e4 a6 10. e5 Nd7 11. Re1 h6 12. Nf1 b5 13. Bf4 Bb7 14. Qd2 Re8 15. Ng3 Bf8 16. Bc2 f5 17. exf6 Nxf6 18. Re2 Bd6 19. Rae1 Bc8 20. Bxd6 Qxd6 21. Ne5 Nxe5 22. Rxe5 Bd7 23. Bg6 Reb8 24. Qe2 Rb6 25. Nh5 Rf8 26. Nxf6+ Rxf6 27. Qh5 Qf8 28. R1e2 Rc6 29. h3 Rc4 1/2-1/2

[Event "Unterfranken-ch HT 54th"]
[Site "Moembris"]
[Date "2003.04.21"]
[Round "1"]
[White "Maiwald, Uwe"]
[Black "Schreck, Michael"]
[Result "0-1"]
[WhiteElo "1472"]
[BlackElo "1625"]
[PlyCount "140"]
[EventDate "2003.04.21"]
[EventType "swiss"]
[EventRounds "9"]
[EventCountry "GER"]
[SourceTitle "EXT 2015"]
[Source "ChessBase"]
[SourceDate "2014.11.20"]
[SourceVersion "1"]
[SourceVersionDate "2014.11.20"]
[SourceQuality "1"]

1. e4 d6 2. Bc4 Nf6 3. Nc3 c6 4. Nf3 Bg4 5. h3 Bh5 6. d4 Qa5 7. Bd2 Qb6 8. Be2 Bxf3 9. Bxf3 Qxd4 10. 0-0 Nbd7 11. Qe2 Qb6 12. Rab1 e6 13. Rfe1 Be7 14. Na4 Qd8 15. b3 b5 16. Nb2 0-0 17. Rbd1 Nb6 18. c4 bxc4 19. Nxc4 Nxc4 20. Qxc4 Qc7 21. Bb4 d5 22. exd5 Bxb4 23. Qxb4 cxd5 24. Rc1 Qd7 25. Re2 Rac8 26. Rec2 Rxc2 27. Rxc2 Rd8 28. Be2 Ne4 29. Bb5 Qb7 30. Qa5 Qb6 31. Qxb6 axb6 32. Rc6 Rb8 33. a4 g6 34. b4 Kf8 35. Bd3 Nf6 36. a5 bxa5 37. bxa5 Rb3 38. a6 Rxd3 39. a7 Ra3 40. Rc8+ Ke7 41. a8Q Rxa8 42. Rxa8 d4 43. Kf1 e5 44. f3 Nd7 45. Ra6 Nc5 46. Rc6 Ne6 47. g3 Ng5 48. Kg2 d3 49. Rc1 e4 50. fxe4 Nxe4 51. Rd1 d2 52. Kf3 f5 53. g4 Kf6 54. Kf4 Ke6 55. gxf5+ gxf5 56. h4 h6 57. h5 Kf6 58. Kf3 Ke5 59. Ke3 f4+ 60. Kf3 Kf5 61. Ra1 Nc3 62. Ra5+ Kf6 63. Ra6+ Kg5 64. Ra5+ Kh4 65. Ra1 d1Q+ 66. Rxd1 Nxd1 67. Kxf4 Kxh5 68. Kf5 Nf2 69. Kf6 Kg4 70. Kg6 h5 0-1

[Event "Unterfranken-ch HT 52th"]
[Site "Massbach"]
[Date "2001.04.17"]
[Round "2"]
[White "Schreck, Michael"]
[Black "Poppe, Wolfgang"]
[Result "0-1"]
[WhiteElo "1540"]
[BlackElo "1668"]
[PlyCount "68"]
[EventDate "2001.04.16"]
[EventType "swiss"]
[EventRounds "9"]
[EventCountry "GER"]
[SourceTitle "EXT 2015"]
[Source "ChessBase"]
[SourceDate "2014.11.20"]
[SourceVersion "1"]
[SourceVersionDate "2014.11.20"]
[SourceQuality "1"]

1. d4 d5 2. c4 e6 3. Nc3 Nf6 4. Bg5 c6 5. e3 Nbd7 6. Nf3 Qa5 7. Bxf6 Nxf6 8. Nd2 Bb4 9. Qb3 0-0 10. Bd3 Re8 11. a3 Bd6 12. c5 Bb8 13. Qc2 e5 14. b4 Qd8 15. dxe5 Bxe5 16. Nf3 d4 17. Nxe5 Rxe5 18. Nd1 Bg4 19. 0-0 Rh5 20. Be2 Qc7 21. g3 Re8 22. Bxg4 Nxg4 23. exd4 Nxh2 24. Nb2 Nxf1 25. Rxf1 Re6 26. Nc4 Qe7 27. Ne5 Reh6 28. Nf3 Qf6 29. Qe4 g6 30. Re1 Rh1+ 31. Kg2 Rxe1 32. Nxe1 Rh5 33. Nf3 Rf5 34. Qe8+ Kg7 0-1